<?xml version="1.0" encoding="UTF-8"?>
<record
    xmlns:xsi="http://www.w3.org/2001/XMLSchema-instance"
    xsi:schemaLocation="http://www.loc.gov/MARC21/slim http://www.loc.gov/standards/marcxml/schema/MARC21slim.xsd"
    xmlns="http://www.loc.gov/MARC21/slim">

  <leader>01235nam a22002537a 4500</leader>
  <controlfield tag="003">OSt</controlfield>
  <controlfield tag="005">20240305094856.0</controlfield>
  <controlfield tag="007">ta</controlfield>
  <controlfield tag="008">201103b          2019 dr   00| 0 eng d</controlfield>
  <datafield tag="020" ind1=" " ind2=" ">
    <subfield code="a">9789945617276</subfield>
  </datafield>
  <datafield tag="040" ind1=" " ind2=" ">
    <subfield code="a">DO-SdBNP</subfield>
    <subfield code="b">spa</subfield>
    <subfield code="c">BNPHU</subfield>
  </datafield>
  <datafield tag="082" ind1=" " ind2="4">
    <subfield code="a">RD863.44</subfield>
    <subfield code="b">P328a</subfield>
    <subfield code="2">22</subfield>
  </datafield>
  <datafield tag="100" ind1="1" ind2=" ">
    <subfield code="a">Mart&#xED;n Paulino, Jos&#xE9;,</subfield>
    <subfield code="d">1963-</subfield>
    <subfield code="9">34433</subfield>
  </datafield>
  <datafield tag="245" ind1="1" ind2="0">
    <subfield code="a">Antes de que la casa se derrumbe /</subfield>
    <subfield code="c">Jos&#xE9; Mart&#xED;n Paulino</subfield>
  </datafield>
  <datafield tag="260" ind1=" " ind2=" ">
    <subfield code="a">Santo Domingo : </subfield>
    <subfield code="b">Santuario, </subfield>
    <subfield code="c">2019.</subfield>
  </datafield>
  <datafield tag="300" ind1=" " ind2=" ">
    <subfield code="a">112 p. ; </subfield>
    <subfield code="c">23 cm. </subfield>
  </datafield>
  <datafield tag="500" ind1=" " ind2=" ">
    <subfield code="a">Incluye datos biogr&#xE1;ficos del autor en la cubierta frontal.</subfield>
  </datafield>
  <datafield tag="505" ind1=" " ind2=" ">
    <subfield code="t">Bajo el &#xE1;rbol --</subfield>
    <subfield code="t">El milagro --</subfield>
    <subfield code="t">Un modelo de prosperidad --</subfield>
    <subfield code="t">Rosas negras --</subfield>
    <subfield code="t">El derrumbe --</subfield>
    <subfield code="t">La herencia de Domingo Peralta --</subfield>
    <subfield code="t">En la sombra --</subfield>
    <subfield code="t">Vitamina --</subfield>
    <subfield code="t">Un hombre generoso --</subfield>
    <subfield code="t">Los coco del diablo --</subfield>
    <subfield code="t">La sorpresa --</subfield>
    <subfield code="t">La cirug&#xED;a del alma --</subfield>
    <subfield code="t">El sabio desinteresado --</subfield>
    <subfield code="t">La otra iron&#xED;a -- </subfield>
    <subfield code="t">Cuando esta terminada la casa --</subfield>
    <subfield code="t">El despertar --</subfield>
    <subfield code="t">Una mala jugada --</subfield>
    <subfield code="t">Descendientes de Ca&#xED;n I --</subfield>
    <subfield code="t">La gula --</subfield>
    <subfield code="t">Los celebrantes --</subfield>
    <subfield code="t">Descendientes de Ca&#xED;n II --</subfield>
  </datafield>
  <datafield tag="590" ind1=" " ind2=" ">
    <subfield code="a">Inventariado, 2020 /LP</subfield>
  </datafield>
  <datafield tag="650" ind1=" " ind2="4">
    <subfield code="a">Cuentos dominicanos</subfield>
  </datafield>
  <datafield tag="650" ind1=" " ind2="4">
    <subfield code="a">Literatura dominicana </subfield>
  </datafield>
  <datafield tag="910" ind1=" " ind2=" ">
    <subfield code="a">Lop&#xE9;rez./Validado. Control de calidad MFF</subfield>
  </datafield>
  <datafield tag="942" ind1=" " ind2=" ">
    <subfield code="2">ddc</subfield>
    <subfield code="c">LBS1</subfield>
  </datafield>
  <datafield tag="952" ind1=" " ind2=" ">
    <subfield code="0">0</subfield>
    <subfield code="1">0</subfield>
    <subfield code="2">ddc</subfield>
    <subfield code="5">1</subfield>
    <subfield code="7">0</subfield>
    <subfield code="8">PD</subfield>
    <subfield code="a">BNPHU</subfield>
    <subfield code="b">BNPHU</subfield>
    <subfield code="c">HD</subfield>
    <subfield code="d">2020-11-03</subfield>
    <subfield code="e">Dep&#xF3;sito Legal </subfield>
    <subfield code="o">BNPHU PD RD863.44 P328a</subfield>
    <subfield code="p">2021-1789</subfield>
    <subfield code="r">2020-11-03</subfield>
    <subfield code="w">2020-11-03</subfield>
    <subfield code="y">LBS1</subfield>
  </datafield>
  <datafield tag="952" ind1=" " ind2=" ">
    <subfield code="0">0</subfield>
    <subfield code="1">0</subfield>
    <subfield code="2">ddc</subfield>
    <subfield code="5">1</subfield>
    <subfield code="7">0</subfield>
    <subfield code="8">PD</subfield>
    <subfield code="a">BNPHU</subfield>
    <subfield code="b">BNPHU</subfield>
    <subfield code="c">HD</subfield>
    <subfield code="d">2020-11-03</subfield>
    <subfield code="e">Dep&#xF3;sito Legal </subfield>
    <subfield code="o">BNPHU PD RD863.44 P328a</subfield>
    <subfield code="p">2021-1790</subfield>
    <subfield code="r">2020-11-03</subfield>
    <subfield code="t">e.2</subfield>
    <subfield code="w">2020-11-03</subfield>
    <subfield code="y">LBS1</subfield>
  </datafield>
  <datafield tag="952" ind1=" " ind2=" ">
    <subfield code="0">0</subfield>
    <subfield code="1">0</subfield>
    <subfield code="2">ddc</subfield>
    <subfield code="5">6</subfield>
    <subfield code="7">0</subfield>
    <subfield code="8">DS</subfield>
    <subfield code="a">BNPHU</subfield>
    <subfield code="b">BNPHU</subfield>
    <subfield code="c">HD</subfield>
    <subfield code="d">2020-07-23</subfield>
    <subfield code="e">Dep&#xF3;sito Legal </subfield>
    <subfield code="o">BNPHU DS RD863.44 P328a</subfield>
    <subfield code="p">2021-1791</subfield>
    <subfield code="r">2021-05-24</subfield>
    <subfield code="t">e.3</subfield>
    <subfield code="w">2021-05-24</subfield>
    <subfield code="y">LBS1</subfield>
  </datafield>
  <datafield tag="999" ind1=" " ind2=" ">
    <subfield code="c">49025</subfield>
    <subfield code="d">49025</subfield>
  </datafield>
</record>
